00315nam a2200133Ia 4500003000400000005001700004008004100021020001500062040001700077100001300094245005400107260001100161260000900172OSt20240319163931.0170524s9999 xx 000 0 und d a0600615766 cIIMTU MEERUT aLarousse 0aLarousse Gastronomiqe recipes meat poultry & game bHamlyn c2004